Statistics for South Dakota Trivia

Click here to take the quiz!

General Stats

  • This quiz has been taken 3,246 times
  • The average score is 10 of 19

Answer Stats

Hint Answer % Correct
Presidential mountainMount Rushmore
99%
Area that had a gold rush {Black} Hills
85%
National parks{Bad}lands
82%
Capital cityPierre
78%
"Bury my heart" at this Native American
massacre site
Wounded Knee
61%
Last name of Wild BillHickok
59%
Biggest citySioux Falls
59%
These people rally at SturgisBikers
58%
Sioux warrior; subject of a gigantic
uncompleted sculpture
Crazy Horse
55%
This river divides the state in twoMissouri
54%
What are Ponderosas and Lodgepoles?Pine Trees
46%
Frontier mining town;
subject of an HBO series
Deadwood
46%
Drug store advertised for hundreds of
miles in every direction
Wall Drug
44%
Biggest city in Western SDRapid City
40%
Type of rodent that "kisses"Prarie Dog
40%
Mitchell is home to this "palace"{Corn} Palace
38%
National parks{Wind} Cave
22%
Region of the above that has
pillars of granite
The Needles
12%
Dish of cubed red meat,
served on a skewer or toothpick
Chislic
11%

Score Distribution

Percentile by Number Answered

Percent of People with Each Score

Your Score History

You have not taken this quiz